[Event "Open Ciudad de San Sebastián 2018"]
[Site "San Sebastian ESP"]
[Date "2018.03.25"]
[Round "3.2"]
[White "Del Rio De Angelis, Salvador G"]
[Black "Hernandez Estevez, Yudania"]
[Result "1/2-1/2"]
[WhiteElo "2535"]
[BlackElo "2241"]
[PlyCount "60"]
[EventDate "2018.03.24"]
[EventType "swiss"]
[EventRounds "9"]
[EventCountry "ESP"]
[SourceTitle "Ajedrez en Madrid"]
[Source "lmi"]
[SourceDate "2018.03.24"]
[SourceVersion "1"]
[SourceVersionDate "2018.04.01"]
[SourceQuality "1"]

1. d4 d5 2. c4 c6 3. Nf3 Nf6 4. Qc2 g6 5. Bf4 Bg7 6. e3 O-O 7. Nc3 a6 8. h3
Nbd7 9. cxd5 Nxd5 10. Nxd5 cxd5 11. Be2 Qa5+ 12. Qd2 Qxd2+ 13. Kxd2 f6 14. Rhc1
Nb8 15. Rc7 Nc6 16. Bd1 e6 17. a3 Rf7 18. b4 e5 19. Rxf7 Kxf7 20. Bg3 exd4 21.
Nxd4 Nxd4 22. exd4 Bh6+ 23. Kc3 Be6 24. Bb3 Rc8+ 25. Kb2 Ke7 26. Rd1 Kd7 27.
Bh4 Rf8 28. Bg3 Rc8 29. Bh4 Rf8 30. Bg3 Rc8 1/2-1/2

[Event "Open Ciudad de San Sebastián 2018"]
[Site "San Sebastian ESP"]
[Date "2018.03.25"]
[Round "3.3"]
[White "Abalia Patino, Aritz"]
[Black "Martinez Duany, Lelys Stanley"]
[Result "0-1"]
[WhiteElo "2106"]
[BlackElo "2499"]
[PlyCount "56"]
[EventDate "2018.03.24"]
[EventType "swiss"]
[EventRounds "9"]
[EventCountry "ESP"]
[SourceTitle "Ajedrez en Madrid"]
[Source "lmi"]
[SourceDate "2018.03.24"]
[SourceVersion "1"]
[SourceVersionDate "2018.04.01"]
[SourceQuality "1"]

1. Nf3 Nf6 2. c4 e6 3. g3 a6 4. Bg2 b5 5. b3 Bb7 6. O-O c5 7. Bb2 Be7 8. Nc3 b4
9. Nb1 d6 10. d4 cxd4 11. Nxd4 Bxg2 12. Kxg2 Qc7 13. Nd2 Nbd7 14. a3 Qb7+ 15.
Kg1 bxa3 16. Bxa3 O-O 17. b4 Rfc8 18. Qb3 Rab8 19. Rfc1 Ne4 20. Nxe4 Qxe4 21.
Qd3 Qxd3 22. exd3 Bf6 23. Bb2 Rxb4 24. Bc3 Rb6 25. Ra3 Nc5 26. Ba5 Rbb8 27. Bc3
Bxd4 28. Bxd4 Nb3 0-1

[Event "Open Ciudad de San Sebastián 2018"]
[Site "San Sebastian ESP"]
[Date "2018.03.25"]
[Round "3.4"]
[White "Venkatesh, Marani Rajendran"]
[Black "Urriza Iricibar, Pablo"]
[Result "1-0"]
[WhiteElo "2487"]
[BlackElo "2232"]
[PlyCount "119"]
[EventDate "2018.03.24"]
[EventType "swiss"]
[EventRounds "9"]
[EventCountry "ESP"]
[SourceTitle "Ajedrez en Madrid"]
[Source "lmi"]
[SourceDate "2018.03.24"]
[SourceVersion "1"]
[SourceVersionDate "2018.04.01"]
[SourceQuality "1"]

1. e4 e6 2. d4 d5 3. Nd2 h6 4. Bd3 c5 5. dxc5 Bxc5 6. Qe2 Nf6 7. Ngf3 O-O 8.
O-O Re8 9. e5 Nfd7 10. Nb3 Bf8 11. c3 a5 12. a4 b6 13. Bb5 Ba6 14. c4 dxc4 15.
Qxc4 Qe7 16. Bd2 Rc8 17. Qg4 Kh8 18. Rfc1 Rxc1+ 19. Rxc1 Bb7 20. Qg3 Na6 21.
Nbd4 Rc8 22. Rxc8 Bxc8 23. Nc6 Qc5 24. Qf4 Kg8 25. h3 Nc7 26. Be3 Qc2 27. Nd8
Qf5 28. Qxf5 exf5 29. Bc4 Bc5 30. Nxf7 Kf8 31. Nh4 Ba6 32. e6 Nf6 33. Bxc5+
bxc5 34. Ng6+ Ke8 35. Nd6+ Kd8 36. Bxa6 Nxa6 37. Nxf5 Ne8 38. Kf1 Nac7 39. e7+
Kd7 40. Ke2 Ke6 41. g4 Nd5 42. Nf8+ Kf7 43. Nd7 Nf4+ 44. Ke3 Ne6 45. Ne5+ Kf6
46. Nc6 N8c7 47. Nxa5 g6 48. Nd6 Kxe7 49. Nac4 Ng5 50. Nb7 Nd5+ 51. Ke2 Ne6 52.
h4 h5 53. gxh5 gxh5 54. Kf3 Kf6 55. Ke4 Ndf4 56. a5 Ng2 57. a6 Nxh4 58. a7 Nc7
59. Nb6 Nf5 60. Nd5+ 1-0

[Event "Open Ciudad de San Sebastián 2018"]
[Site "San Sebastian ESP"]
[Date "2018.03.25"]
[Round "3.5"]
[White "Garcia Martinez, Marcos"]
[Black "Pulvett Marin, Daniel"]
[Result "0-1"]
[WhiteElo "2100"]
[BlackElo "2459"]
[PlyCount "202"]
[EventDate "2018.03.24"]
[EventType "swiss"]
[EventRounds "9"]
[EventCountry "ESP"]
[SourceTitle "Ajedrez en Madrid"]
[Source "lmi"]
[SourceDate "2018.03.24"]
[SourceVersion "1"]
[SourceVersionDate "2018.04.01"]
[SourceQuality "1"]

1. d4 Nf6 2. g3 g6 3. Bg2 d5 4. Nf3 Bg7 5. O-O O-O 6. c4 dxc4 7. Ne5 c6 8. Na3
Be6 9. Naxc4 Bd5 10. f3 Nbd7 11. e4 Be6 12. Be3 Ne8 13. Qc2 Nd6 14. Nxd6 exd6
15. Nxd7 Qxd7 16. f4 Rfe8 17. Rae1 f5 18. e5 Bf8 19. Rc1 d5 20. a3 a5 21. Rf3
Rec8 22. Bf2 b5 23. Rc3 Ra6 24. Bf1 Rb6 25. a4 Bb4 26. Rd3 bxa4 27. Qxa4 Qb7
28. Bg2 Kf7 29. Rdd1 Be7 30. Qxa5 Rxb2 31. Qe1 Ra8 32. Rd2 Rb6 33. Rdd1 Ra2 34.
Rb1 Rab2 35. Rxb2 Rxb2 36. Qc3 Ke8 37. Rc1 Kd7 38. Bf1 h6 39. Qd3 Bd8 40. Qa6
Qxa6 41. Bxa6 Ba5 42. Bd3 Kc7 43. Rb1 Ra2 44. Rc1 Bb6 45. Kf1 h5 46. Be2 Ba5
47. Bb5 Bd7 48. e6 Bd2 49. exd7 Bxc1 50. Bxc6 Ra6 51. Bxd5 Kxd7 52. Bb7 Rb6 53.
Ba8 Rb1 54. Ke2 Ba3 55. d5 Kd6 56. Bc6 Rb2+ 57. Kf3 Rb3+ 58. Kg2 Rb2 59. Kf3
Bc5 60. Bxc5+ Kxc5 61. Be8 Rb6 62. Bf7 Rf6 63. Be6 Rf8 64. Kg2 Kd6 65. Kf3 Ke7
66. Kg2 Rb8 67. Kf3 Rb3+ 68. Kg2 Rb2+ 69. Kh3 Rd2 70. Bg8 Kf8 71. Be6 Kg7 72.
d6 Rxd6 73. Bc4 Rd2 74. Bb5 Kf6 75. Be8 Rf2 76. Bc6 Kg7 77. Be8 Kh6 78. Bd7 Rd2
79. Bc8 Rd8 80. Be6 Rd6 81. Bc8 Rd2 82. Be6 g5 83. fxg5+ Kxg5 84. Bc8 Rc2 85.
Bd7 Rd2 86. Bb5 h4 87. Ba6 Rb2 88. Bc4 Rc2 89. Bb5 Rd2 90. Ba6 Ra2 91. Bb5 Ra3
92. Kg2 Rc3 93. Ba4 Rd3 94. Bb5 Re3 95. Ba4 Re1 96. Bc6 Re6 97. Ba4 Rh6 98. Bb5
h3+ 99. Kg1 Rb6 100. Bf1 Rb1 101. Kf2 Rb2+ 0-1

[Event "Open Ciudad de San Sebastián 2018"]
[Site "San Sebastian ESP"]
[Date "2018.03.25"]
[Round "3.6"]
[White "Franco Alonso, Alejandro"]
[Black "Pena Duarte, Fabian Dario"]
[Result "1/2-1/2"]
[WhiteElo "2444"]
[BlackElo "2207"]
[PlyCount "115"]
[EventDate "2018.03.24"]
[EventType "swiss"]
[EventRounds "9"]
[EventCountry "ESP"]
[SourceTitle "Ajedrez en Madrid"]
[Source "lmi"]
[SourceDate "2018.03.24"]
[SourceVersion "1"]
[SourceVersionDate "2018.04.01"]
[SourceQuality "1"]

1. d4 Nf6 2. c4 g6 3. Nc3 Bg7 4. e4 d6 5. Nf3 O-O 6. h3 c5 7. d5 a6 8. a4 e6 9.
Bd3 exd5 10. cxd5 Nbd7 11. O-O Qe7 12. Bf4 Nh5 13. Bh2 Bh6 14. Re1 Nf4 15. Bf1
Ne5 16. a5 Bd7 17. Na4 f6 18. Nb6 Rae8 19. b4 cxb4 20. Nd4 Nh5 21. Rb1 Rd8 22.
Rxb4 Rfe8 23. Rb1 Bf4 24. Bxf4 Nxf4 25. Qd2 g5 26. Kh2 Qf7 27. Nxd7 Rxd7 28. g3
Nh5 29. Be2 Ng7 30. f4 gxf4 31. gxf4 Ng6 32. f5 Ne5 33. Rg1 Kh8 34. Ne6 Rg8 35.
Qh6 Re7 36. Nf4 Ne8 37. Bh5 Qf8 38. Rxg8+ Qxg8 39. Bxe8 Nf3+ 40. Kh1 Qxe8 41.
Qxf6+ Kg8 42. Rb2 Rg7 43. Rg2 Rxg2 44. Kxg2 Qxe4 45. Qd8+ Kf7 46. Qd7+ Kg8 47.
Qc8+ Kf7 48. Qxb7+ Kf6 49. Nh5+ Kg5 50. Qg7+ Kh4 51. Qg3+ Kxh5 52. Qxf3+ Qxf3+
53. Kxf3 Kg5 54. Ke4 h6 55. f6 Kxf6 56. Kf4 h5 57. h4 Kg6 58. Ke4 1/2-1/2

[Event "Open Ciudad de San Sebastián 2018"]
[Site "San Sebastian ESP"]
[Date "2018.03.25"]
[Round "3.7"]
[White "Sanchez Ruesga, Carlos"]
[Black "Sielecki, Christof"]
[Result "0-1"]
[WhiteElo "1925"]
[BlackElo "2435"]
[PlyCount "134"]
[EventDate "2018.03.24"]
[EventType "swiss"]
[EventRounds "9"]
[EventCountry "ESP"]
[SourceTitle "Ajedrez en Madrid"]
[Source "lmi"]
[SourceDate "2018.03.24"]
[SourceVersion "1"]
[SourceVersionDate "2018.04.01"]
[SourceQuality "1"]

1. Nf3 f5 2. d3 d6 3. e4 e5 4. Nc3 c5 5. exf5 Bxf5 6. Ne4 Be7 7. Ng3 Bg6 8. h4
h6 9. Be2 Nc6 10. c3 Nf6 11. h5 Bh7 12. Nh2 O-O 13. Ng4 Nxg4 14. Bxg4 Kh8 15.
O-O d5 16. Qe2 Bg5 17. Bxg5 Qxg5 18. a3 c4 19. dxc4 dxc4 20. Qxc4 Rf4 21. Qb5
Qxg4 22. Qxb7 Qc8 23. Qxc8+ Rxc8 24. f3 Rff8 25. Rfe1 Rfd8 26. b4 Bd3 27. Ne4
Bxe4 28. Rxe4 Rd2 29. a4 Rc2 30. b5 Na5 31. Rxe5 R2xc3 32. Rd1 R3c7 33. Re6 Nc4
34. Rd4 Kg8 35. Kh2 Kf7 36. Rg6 Ne5 37. Rf4+ Kg8 38. Re6 Nd7 39. g4 Nf6 40. Kg3
Rd7 41. Rf5 Rc4 42. a5 Rd3 43. Kf2 Rc2+ 44. Re2 Rxe2+ 45. Kxe2 Rb3 46. Rc5 Nd7
47. Rd5 Nf8 48. Kf2 Kf7 49. Rf5+ Ke7 50. g5 hxg5 51. Rxg5 Ne6 52. Rd5 Nc7 53.
Rg5 Kf7 54. b6 axb6 55. axb6 Rxb6 56. Kg3 Ne8 57. Ra5 Nf6 58. f4 Rb1 59. h6
gxh6 60. Kf3 Rb3+ 61. Kg2 Kg6 62. Kh2 Rd3 63. Kg2 Rd5 64. Ra6 Kf5 65. Kf3 Rd3+
66. Ke2 Rb3 67. Kf2 h5 0-1

[Event "Open Ciudad de San Sebastián 2018"]
[Site "San Sebastian ESP"]
[Date "2018.03.25"]
[Round "3.8"]
[White "Iruzubieta Villaluenga, Jesus M"]
[Black "Alfaro Garcia Del Cerro, Juan L"]
[Result "1-0"]
[WhiteElo "2426"]
[BlackElo "2176"]
[PlyCount "67"]
[EventDate "2018.03.24"]
[EventType "swiss"]
[EventRounds "9"]
[EventCountry "ESP"]
[SourceTitle "Ajedrez en Madrid"]
[Source "lmi"]
[SourceDate "2018.03.24"]
[SourceVersion "1"]
[SourceVersionDate "2018.04.01"]
[SourceQuality "1"]

1. c4 c5 2. Nf3 Nc6 3. d4 cxd4 4. Nxd4 e5 5. Nb5 a6 6. N5c3 Bc5 7. g3 Nge7 8.
Bg2 O-O 9. O-O b5 10. cxb5 axb5 11. Ne4 Bb4 12. Nd6 Ra6 13. Nc3 Nd4 14. Ndxb5
Nxb5 15. Nxb5 d5 16. Bd2 Bxd2 17. Qxd2 Qa5 18. Qxa5 Rxa5 19. a4 Bd7 20. b4 Ra6
21. Nc3 Be6 22. Rfc1 e4 23. e3 Rb8 24. Bf1 Ra7 25. Rcb1 Nc6 26. b5 Na5 27. Ne2
Rba8 28. Nd4 Nb7 29. Rc1 Na5 30. Rc5 Kf8 31. Rb1 Ke7 32. b6 Kd6 33. bxa7 Kxc5
34. Rb5+ 1-0

[Event "Open Ciudad de San Sebastián 2018"]
[Site "San Sebastian ESP"]
[Date "2018.03.25"]
[Round "3.9"]
[White "Hernandez Sanchez, Elvis De La C"]
[Black "Troffiguer, Olivier"]
[Result "1-0"]
[WhiteElo "2261"]
[BlackElo "2095"]
[PlyCount "73"]
[EventDate "2018.03.24"]
[EventType "swiss"]
[EventRounds "9"]
[EventCountry "ESP"]
[SourceTitle "Ajedrez en Madrid"]
[Source "lmi"]
[SourceDate "2018.03.24"]
[SourceVersion "1"]
[SourceVersionDate "2018.04.01"]
[SourceQuality "1"]

1. e4 c5 2. Nf3 e6 3. c3 Nf6 4. e5 Nd5 5. d4 cxd4 6. cxd4 d6 7. Bc4 Nb6 8. Bd3
Nc6 9. Qe2 Bd7 10. Nc3 dxe5 11. dxe5 Nb4 12. Be4 Bc6 13. O-O Be7 14. Rd1 Qb8
15. a3 N4d5 16. Nxd5 Bxd5 17. Qb5+ Kf8 18. Qe2 Bxe4 19. Qxe4 Nd5 20. h4 Qe8 21.
h5 h6 22. Bd2 Rc8 23. Rac1 Kg8 24. Rxc8 Qxc8 25. Rc1 Qd7 26. a4 Nb6 27. b3 Qd5
28. Qc2 f5 29. exf6 Bxf6 30. Qg6 Qd7 31. Bf4 Nd5 32. Be5 Ne7 33. Qg4 Kf7 34.
Rc7 Qd1+ 35. Kh2 Qd3 36. Bxf6 gxf6 37. Rxe7+ 1-0

[Event "Open Ciudad de San Sebastián 2018"]
[Site "San Sebastian ESP"]
[Date "2018.03.25"]
[Round "3.10"]
[White "Riekenbrauk, Joerg"]
[Black "Torres Ganuza, Francisco Javier"]
[Result "0-1"]
[WhiteElo "1906"]
[BlackElo "2103"]
[PlyCount "52"]
[EventDate "2018.03.24"]
[EventType "swiss"]
[EventRounds "9"]
[EventCountry "ESP"]
[SourceTitle "Ajedrez en Madrid"]
[Source "lmi"]
[SourceDate "2018.03.24"]
[SourceVersion "1"]
[SourceVersionDate "2018.04.01"]
[SourceQuality "1"]

1. e4 c5 2. d4 cxd4 3. c3 Nf6 4. e5 Nd5 5. Qxd4 e6 6. Nf3 Be7 7. g3 O-O 8. Bg2
Nc6 9. Qe4 d6 10. O-O Qc7 11. c4 Nb6 12. exd6 Qxd6 13. Nc3 Qb4 14. Nd2 Rd8 15.
a3 Qc5 16. Qe2 Nd4 17. Qe4 Nxc4 18. b4 Qc7 19. Nxc4 Qxc4 20. Bb2 f5 21. Qb1 e5
22. Kh1 e4 23. Rd1 Be6 24. Bf1 Qb3 25. Nxe4 Nc2 26. Nd2 Qa4 0-1

[Event "Open Ciudad de San Sebastián 2018"]
[Site "San Sebastian ESP"]
[Date "2018.03.25"]
[Round "3.11"]
[White "Aguero Jimenez, Luis Lazaro"]
[Black "Vicente Ezeiza, Mikel"]
[Result "1-0"]
[WhiteElo "2463"]
[BlackElo "1921"]
[PlyCount "71"]
[EventDate "2018.03.24"]
[EventType "swiss"]
[EventRounds "9"]
[EventCountry "ESP"]
[SourceTitle "Ajedrez en Madrid"]
[Source "lmi"]
[SourceDate "2018.03.24"]
[SourceVersion "1"]
[SourceVersionDate "2018.04.01"]
[SourceQuality "1"]

1. Nf3 g6 2. h4 Nf6 3. b3 Bg7 4. Bb2 d6 5. e3 e5 6. c4 Bg4 7. d3 Qe7 8. Nbd2
Nbd7 9. Be2 a5 10. a3 O-O 11. Ng5 Bxe2 12. Qxe2 c6 13. h5 h6 14. Ngf3 Nxh5 15.
g4 Nhf6 16. g5 hxg5 17. Nxg5 Rfb8 18. Qf3 Nh5 19. Rxh5 gxh5 20. Qxh5 Nf8 21.
O-O-O f6 22. Nge4 Ne6 23. Rg1 Kf8 24. Nf3 Qf7 25. Rg6 Ke7 26. Nh4 Rh8 27. Nf5+
Kd7 28. Qg4 Bf8 29. Rxf6 Qh5 30. Qxh5 Rxh5 31. Rf7+ Kd8 32. Nexd6 Bxd6 33. Nxd6
b6 34. f4 Rh1+ 35. Kc2 Rh2+ 36. Kb1 1-0

[Event "Open Ciudad de San Sebastián 2018"]
[Site "San Sebastian ESP"]
[Date "2018.03.25"]
[Round "3.12"]
[White "Delgado Crespo, Mairelys"]
[Black "Gomez Calvo, Jose Ricardo"]
[Result "1-0"]
[WhiteElo "2250"]
[BlackElo "1899"]
[PlyCount "59"]
[EventDate "2018.03.24"]
[EventType "swiss"]
[EventRounds "9"]
[EventCountry "ESP"]
[SourceTitle "Ajedrez en Madrid"]
[Source "lmi"]
[SourceDate "2018.03.24"]
[SourceVersion "1"]
[SourceVersionDate "2018.04.01"]
[SourceQuality "1"]

1. e4 e6 2. d4 d5 3. exd5 exd5 4. Nf3 Bg4 5. h3 Bh5 6. Qe2+ Qe7 7. Be3 c6 8.
Nc3 Nd7 9. O-O-O Ngf6 10. g4 Bg6 11. Ne5 Ne4 12. Nxe4 Bxe4 13. f3 Bg6 14. h4 f6
15. Nxg6 hxg6 16. Qd3 O-O-O 17. Bf2 Qf7 18. Bg3 Bb4 19. Qa6 Nb8 20. Qxa7 Bd6
21. Bxd6 Rxd6 22. Bd3 f5 23. h5 fxg4 24. hxg6 Qf4+ 25. Kb1 Rxh1 26. Rxh1 g3 27.
Rh8+ Rd8 28. Bf5+ Qxf5 29. Rxd8+ Kxd8 30. Qxb8+ 1-0

[Event "Open Ciudad de San Sebastián 2018"]
[Site "San Sebastian ESP"]
[Date "2018.03.26"]
[Round "4.1"]
[White "Martinez Duany, Lelys Stanley"]
[Black "Iruzubieta Villaluenga, Jesus M"]
[Result "1/2-1/2"]
[WhiteElo "2499"]
[BlackElo "2426"]
[PlyCount "144"]
[EventDate "2018.03.24"]
[EventType "swiss"]
[EventRounds "9"]
[EventCountry "ESP"]
[SourceTitle "Ajedrez en Madrid"]
[Source "lmi"]
[SourceDate "2018.03.24"]
[SourceVersion "1"]
[SourceVersionDate "2018.04.01"]
[SourceQuality "1"]

1. e4 c5 2. Nf3 d6 3. c3 Nf6 4. h3 Nbd7 5. Bd3 Ne5 6. Bc2 Nxf3+ 7. Qxf3 e5 8.
Ba4+ Bd7 9. Bxd7+ Qxd7 10. d3 Be7 11. Bg5 O-O 12. Nd2 Ne8 13. h4 Nc7 14. Bxe7
Qxe7 15. Nc4 Qd7 16. Ne3 Qb5 17. O-O-O Rad8 18. Rh3 Kh8 19. Rg3 Qd7 20. h5 f6
21. Qg4 Qxg4 22. Rxg4 d5 23. g3 Rfe8 24. Kc2 Rd7 25. a4 Kg8 26. Rh4 Kf7 27.
Rhh1 Red8 28. f3 Rd6 29. Rd2 Ra6 30. Ra1 Rad6 31. Ra3 b6 32. Ra1 R6d7 33. Rh1
Rd6 34. Rh4 R6d7 35. Rg4 Re8 36. Rg2 Red8 37. f4 Re8 38. Nf5 Kf8 39. Re2 exf4
40. gxf4 dxe4 41. dxe4 Ne6 42. e5 fxe5 43. fxe5 Kg8 44. Rd2 Rxd2+ 45. Kxd2 Rf8
46. Nxg7 Nxg7 47. h6 Rf7 48. Ke3 Kf8 49. hxg7+ Rxg7 50. Rh4 Kf7 51. Ke4 Ke6 52.
b3 h5 53. Rxh5 Rg4+ 54. Kd3 Rg3+ 55. Kc2 Rg2+ 56. Kb1 Kd5 57. Rh7 c4 58. Rd7+
Kxe5 59. bxc4 Rg4 60. Rxa7 Rxc4 61. Kc2 Kd6 62. Kb3 Rh4 63. Rg7 Rh6 64. Kb4 Kc6
65. c4 Rf6 66. Rg5 Rf1 67. a5 bxa5+ 68. Rxa5 Rb1+ 69. Kc3 Rc1+ 70. Kb3 Rb1+ 71.
Kc2 Rh1 72. Rg5 Rh3 1/2-1/2

[Event "Open Ciudad de San Sebastián 2018"]
[Site "San Sebastian ESP"]
[Date "2018.03.26"]
[Round "4.2"]
[White "Sielecki, Christof"]
[Black "Venkatesh, Marani Rajendran"]
[Result "1/2-1/2"]
[WhiteElo "2435"]
[BlackElo "2487"]
[PlyCount "47"]
[EventDate "2018.03.24"]
[EventType "swiss"]
[EventRounds "9"]
[EventCountry "ESP"]
[SourceTitle "Ajedrez en Madrid"]
[Source "lmi"]
[SourceDate "2018.03.24"]
[SourceVersion "1"]
[SourceVersionDate "2018.04.01"]
[SourceQuality "1"]

1. Nf3 g6 2. c4 Bg7 3. d4 d6 4. Nc3 Nf6 5. e4 O-O 6. Be2 c6 7. O-O e5 8. d5 Na6
9. Bg5 h6 10. Bh4 g5 11. Bg3 Nc5 12. Nd2 a5 13. b3 Bd7 14. a3 Qb6 15. Qb1 Na6
16. Qb2 Rfc8 17. Rfc1 Qd4 18. Nf3 Qb6 19. Nd2 cxd5 20. cxd5 Qd4 21. Nf3 Qb6 22.
Nd2 Qd4 23. Nf3 Qb6 24. Nd2 1/2-1/2

[Event "Open Ciudad de San Sebastián 2018"]
[Site "San Sebastian ESP"]
[Date "2018.03.26"]
[Round "4.3"]
[White "Pulvett Marin, Daniel"]
[Black "Hernandez Sanchez, Elvis De La C"]
[Result "1-0"]
[WhiteElo "2459"]
[BlackElo "2261"]
[PlyCount "73"]
[EventDate "2018.03.24"]
[EventType "swiss"]
[EventRounds "9"]
[EventCountry "ESP"]
[SourceTitle "Ajedrez en Madrid"]
[Source "lmi"]
[SourceDate "2018.03.24"]
[SourceVersion "1"]
[SourceVersionDate "2018.04.01"]
[SourceQuality "1"]

1. d4 Nf6 2. Nf3 g6 3. c4 c5 4. d5 d6 5. Nc3 Bg7 6. e4 O-O 7. Be2 e6 8. O-O
exd5 9. cxd5 Re8 10. Nd2 Nbd7 11. Re1 Ne5 12. Nf1 a6 13. a4 Rb8 14. h3 Qc7 15.
Qc2 b6 16. f4 Ned7 17. Ne3 Re7 18. e5 dxe5 19. Nc4 Re8 20. d6 Qd8 21. fxe5 Nh5
22. Bxh5 Qh4 23. Qf2 Qxh5 24. Nd5 b5 25. axb5 axb5 26. Ra3 g5 27. Ne7+ Kh8 28.
Na5 Bb7 29. Nxb7 Rxb7 30. g4 Qh4 31. Rg3 Nxe5 32. Nf5 Nf3+ 33. Qxf3 Rxe1+ 34.
Kf2 Rxc1 35. Qxb7 Rc2+ 36. Kf1 Rc1+ 37. Ke2 1-0

[Event "Open Ciudad de San Sebastián 2018"]
[Site "San Sebastian ESP"]
[Date "2018.03.26"]
[Round "4.4"]
[White "Hernandez Estevez, Yudania"]
[Black "Vazquez Igarza, Renier"]
[Result "0-1"]
[WhiteElo "2241"]
[BlackElo "2559"]
[PlyCount "94"]
[EventDate "2018.03.24"]
[EventType "swiss"]
[EventRounds "9"]
[EventCountry "ESP"]
[SourceTitle "Ajedrez en Madrid"]
[Source "lmi"]
[SourceDate "2018.03.24"]
[SourceVersion "1"]
[SourceVersionDate "2018.04.01"]
[SourceQuality "1"]

1. e4 c5 2. Nf3 d6 3. d4 cxd4 4. Nxd4 Nf6 5. Nc3 a6 6. Be2 e6 7. O-O Be7 8. Be3
Qc7 9. f4 O-O 10. Kh1 b5 11. a3 Bb7 12. Bd3 Nbd7 13. Qf3 Nc5 14. Rae1 Rac8 15.
Bf2 d5 16. e5 Nfe4 17. Bxe4 dxe4 18. Qh5 Rfd8 19. Re3 g6 20. Rg3 Rd7 21. Qh6
Bf8 22. Qg5 Qd8 23. Qxd8 Rcxd8 24. Nce2 Be7 25. Be3 Rd5 26. Rd1 Rc8 27. Nc3
Rdd8 28. Bg1 Kf8 29. Re3 Ke8 30. Ree1 h5 31. Be3 Nd7 32. Nb3 g5 33. Nd4 gxf4
34. Bxf4 Nb6 35. Nxe4 Bxe4 36. Rxe4 Rxc2 37. Rb1 Rc4 38. Be3 Bc5 39. Rd1 Na4
40. b3 Nc3 41. bxc4 Nxd1 42. Bg1 Bxd4 43. Bxd4 bxc4 44. g4 c3 45. Bc5 Rc8 46.
Rc4 hxg4 47. a4 Nb2 0-1

[Event "Open Ciudad de San Sebastián 2018"]
[Site "San Sebastian ESP"]
[Date "2018.03.26"]
[Round "4.5"]
[White "Pena Duarte, Fabian Dario"]
[Black "Del Rio De Angelis, Salvador G"]
[Result "1/2-1/2"]
[WhiteElo "2207"]
[BlackElo "2535"]
[PlyCount "86"]
[EventDate "2018.03.24"]
[EventType "swiss"]
[EventRounds "9"]
[EventCountry "ESP"]
[SourceTitle "Ajedrez en Madrid"]
[Source "lmi"]
[SourceDate "2018.03.24"]
[SourceVersion "1"]
[SourceVersionDate "2018.04.01"]
[SourceQuality "1"]

1. e4 d5 2. exd5 Nf6 3. c4 c6 4. d4 cxd5 5. Nc3 e6 6. Nf3 Bb4 7. Qb3 Nc6 8. Bg5
O-O 9. Be2 dxc4 10. Qxc4 Be7 11. O-O Qb6 12. a3 Rd8 13. Rfd1 Bd7 14. Na4 Qc7
15. Rac1 Rac8 16. b4 Qb8 17. Nc5 Be8 18. Qa2 Nd5 19. Bxe7 Ncxe7 20. g3 b6 21.
Na6 Qd6 22. Qb3 Nf5 23. b5 Nf6 24. Bc4 Qe7 25. Nb4 Nd6 26. a4 Nb7 27. Ne5 Na5
28. Qb2 Nxc4 29. Nxc4 Rc7 30. Ne5 Rdc8 31. Rxc7 Rxc7 32. Nec6 Qd6 33. Rc1 Kf8
34. Na6 Rc8 35. Nxa7 Rxc1+ 36. Qxc1 Qxd4 37. Qa3+ Kg8 38. Nc6 Bxc6 39. bxc6 Ng4
40. Qa2 Ne5 41. c7 Qd1+ 42. Kg2 Qf3+ 43. Kg1 Qd1+ 1/2-1/2

[Event "Open Ciudad de San Sebastián 2018"]
[Site "San Sebastian ESP"]
[Date "2018.03.26"]
[Round "4.6"]
[White "Torres Ganuza, Francisco Javier"]
[Black "Aguero Jimenez, Luis Lazaro"]
[Result "0-1"]
[WhiteElo "2103"]
[BlackElo "2463"]
[PlyCount "50"]
[EventDate "2018.03.24"]
[EventType "swiss"]
[EventRounds "9"]
[EventCountry "ESP"]
[SourceTitle "Ajedrez en Madrid"]
[Source "lmi"]
[SourceDate "2018.03.24"]
[SourceVersion "1"]
[SourceVersionDate "2018.04.01"]
[SourceQuality "1"]

1. d4 Nf6 2. c4 g6 3. Nc3 d5 4. cxd5 Nxd5 5. Nf3 Bg7 6. g3 O-O 7. Bg2 Nc6 8.
O-O Nb6 9. d5 Na5 10. e4 c6 11. dxc6 Nxc6 12. h3 Be6 13. Re1 Qc8 14. Nd5 Rd8
15. Ng5 h6 16. Nf3 Nxd5 17. exd5 Rxd5 18. Nd2 Rd8 19. Kh2 Nb4 20. Qa4 Nd3 21.
Rf1 Rd4 22. Qb5 a6 23. Qb6 Rd6 24. Qe3 Nb4 25. Ne4 Rd8 0-1

[Event "Open Ciudad de San Sebastián 2018"]
[Site "San Sebastian ESP"]
[Date "2018.03.26"]
[Round "4.7"]
[White "Corral Sierra, Javier"]
[Black "Franco Alonso, Alejandro"]
[Result "1-0"]
[WhiteElo "2040"]
[BlackElo "2444"]
[PlyCount "55"]
[EventDate "2018.03.24"]
[EventType "swiss"]
[EventRounds "9"]
[EventCountry "ESP"]
[SourceTitle "Ajedrez en Madrid"]
[Source "lmi"]
[SourceDate "2018.03.24"]
[SourceVersion "1"]
[SourceVersionDate "2018.04.01"]
[SourceQuality "1"]

1. e4 c5 2. b3 Nc6 3. Bb2 e5 4. Bc4 d6 5. d3 Nf6 6. Nc3 Be7 7. Nge2 O-O 8. O-O
a6 9. a4 Rb8 10. f4 Ng4 11. Qd2 exf4 12. Nd5 b5 13. axb5 axb5 14. Nxe7+ Nxe7
15. Bd5 Nxd5 16. exd5 Ne3 17. Rxf4 Nxd5 18. Rf3 f6 19. c4 Ne7 20. Nf4 Nc6 21.
Rg3 Rf7 22. Nh5 Kh8 23. Rxg7 Qf8 24. Rxf7 Qxf7 25. Bxf6+ Kg8 26. Qg5+ Qg6 27.
Qd5+ Qf7 28. Qxc6 1-0

[Event "Open Ciudad de San Sebastián 2018"]
[Site "San Sebastian ESP"]
[Date "2018.03.26"]
[Round "4.8"]
[White "Izagirre Alsua, Aritz"]
[Black "Delgado Crespo, Mairelys"]
[Result "0-1"]
[WhiteElo "1879"]
[BlackElo "2250"]
[PlyCount "88"]
[EventDate "2018.03.24"]
[EventType "swiss"]
[EventRounds "9"]
[EventCountry "ESP"]
[SourceTitle "Ajedrez en Madrid"]
[Source "lmi"]
[SourceDate "2018.03.24"]
[SourceVersion "1"]
[SourceVersionDate "2018.04.01"]
[SourceQuality "1"]

1. e4 e6 2. d3 d5 3. Nd2 Nf6 4. Ngf3 c5 5. g3 Be7 6. Bg2 Nc6 7. O-O O-O 8. Re1
b5 9. e5 Nd7 10. h4 Qc7 11. Qe2 Bb7 12. Nf1 Rfc8 13. c3 a5 14. Bf4 Bf8 15. N1h2
Qd8 16. g4 Ne7 17. h5 d4 18. Bg5 Nb6 19. Rac1 dxc3 20. bxc3 c4 21. d4 b4 22.
Be3 Be4 23. Ng5 Bxg2 24. Kxg2 Ned5 25. Ne4 Nxc3 26. Nxc3 bxc3 27. Nf3 Qd5 28.
Qc2 Rab8 29. Kg3 Be7 30. Red1 Qd8 31. Qxc3 Nd5 32. Qc2 c3 33. Rg1 Rb2 34. Qe4
c2 35. Bd2 Nc3 36. Qe1 Nxa2 37. Bxa5 Qd5 38. Bd2 Nxc1 39. Bxc1 Rb3 40. Qe2 Qxd4
41. Kh2 Qd3 42. Qxd3 Rxd3 43. Kg2 Ba3 44. Ne1 Rb3 0-1